|
|
|
|
| LEADER |
00000cam a2200000 a 4500 |
| 001 |
vtls001423106 |
| 003 |
SK-MaSNL |
| 005 |
20260301162436.0 |
| 008 |
250414s2001 xo a fr 10000 slo |
| 015 |
|
|
|a SNBA2002/05-01713
|
| 020 |
|
|
|a 8089030041
|
| 035 |
|
|
|a SNK000377977
|
| 035 |
|
|
|a urn:nbn:sk:snk-amjqpa
|
| 035 |
|
|
|a urn:nbn:sk:snk:ar-0090ew
|
| 035 |
|
|
|a 53b1f56f-b8bf-4baa-9921-475e37ade728
|
| 040 |
|
|
|a SNK
|b slo
|c SNK
|e AACR2
|
| 041 |
0 |
|
|a slo
|
| 044 |
|
|
|a xo
|c SK
|
| 080 |
|
|
|a 61(082)
|2 1981
|
| 245 |
0 |
0 |
|a Oddelenie histórie medicíny a zdravotníctva Ústavu sociálneho lekárstva LF UK v Bratislave 1990-2000
|c [editori:] E. Sedláčková ... [et al.]
|
| 260 |
|
|
|a Bratislava
|b Juga
|c 2001
|
| 300 |
|
|
|a 140 s.
|c 21 cm
|
| 490 |
1 |
|
|a Z dejín medicíny a farmácie
|
| 500 |
|
|
|a Čiast. text čes.
|
| 500 |
|
|
|a Údaj o edit. prevzatý z rubu tit. strany
|
| 504 |
|
|
|a Bibliogr. odkazy
|
| 610 |
2 |
7 |
|a Univerzita Komenského v Bratislave.
|b Lekárska fakulta.
|b Ústav sociálneho lekárstva.
|b Oddelenie histórie medicíny a zdravotníctva
|2 SNK
|9 526977
|
| 655 |
|
7 |
|a zborníky konferencií
|2 SNKPH
|9 70153
|
| 655 |
|
7 |
|a issue_zb
|2 SNK
|9 276493
|
| 700 |
1 |
|
|a Sedláčková, Eulália,
|d 1940-
|4 adp
|9 107724
|
| 700 |
1 |
|
|a Pavlíková, Ľudmila
|4 edt
|9 380876
|
| 700 |
1 |
|
|a Heřmanová, Darina
|4 edt
|9 8385
|
| 700 |
1 |
|
|a Rapantová, Helena,
|d 1938-
|4 edt
|9 107723
|
| 830 |
|
0 |
|a Z dejín medicíny a farmácie
|9 366594
|
| 852 |
|
|
|a Slovenská národná knižnica
|
| 919 |
|
|
|a 80-89030-04-1
|
| 954 |
|
|
|a odborná, vedecká literatúra pôvodná (slovenská)
|2 lita
|
| 954 |
|
|
|a odborná, vedecká literatúra cudzojazyčná (svetová)
|2 lita
|
| 958 |
|
|
|a ART
|
| 958 |
|
|
|a TL
|
| 958 |
|
|
|a NB
|
| 958 |
|
|
|a ZB
|
| 958 |
|
|
|a OND
|
| 999 |
|
|
|c 813213
|d 815143
|
| 952 |
|
|
|t P60, <03>, [BOOK], {603}
|a SNK
|b SNK
|y PREZ
|7 0
|p 17A0320362
|o snkSC 106390
|i snkKSP 12352/2001
|0 0
|1 0
|4 0
|d 2001-10-30
|l 0
|r 2025-09-26 00:00:00
|w 2026-02-24
|
| 952 |
|
|
|t P60, <04>, [BOOK], {604}
|a SNK
|b SNK
|y VYP
|7 0
|p 17A0320363
|o snkSC 106390 D1
|i snkKSP 12353/2001
|0 0
|1 0
|4 0
|d 2001-10-30
|l 0
|r 2005-01-02 00:00:00
|w 2026-02-24
|